[Event "2012 U.S. Women's Championship"]
[Site "Saint Louis, MO, USA"]
[Date "2012.05.09"]
[Round "2.5"]
[White "Foisor, Sabina"]
[Black "Goletiani, Rusudan"]
[Result "1-0"]
[LiveChessVersion "1.3.1"]
[BlackElo "2333"]
[WhiteElo "2364"]

1. d4 {[%clk 1:30:58]} Nf6 {[%clk 1:30:51]} 2. c4 {[%clk 1:31:25]} e6
{[%clk 1:31:12]} 3. Nc3 {[%clk 1:31:51]} Bb4 {[%clk 1:31:34]} 4. e3
{[%clk 1:32:14]} O-O {[%clk 1:31:07]} 5. Bd3 {[%clk 1:32:40]} c5 {[%clk 1:31:11]}
6. Nge2 {[%clk 1:31:33]} d5 {[%clk 1:26:00]} 7. O-O {[%clk 1:27:01]} Nc6
{[%clk 1:17:33]} 8. a3 {[%clk 1:23:38]} cxd4 {[%clk 1:15:12]} 9. exd4
{[%clk 1:06:35]} dxc4 {[%clk 1:11:24]} 10. Bxc4 {[%clk 1:06:59]} Bd6
{[%clk 1:01:07]} 11. f4 {[%clk 0:38:07]} a6 {[%clk 0:55:46]} 12. Ba2
{[%clk 0:25:46]} b5 {[%clk 0:53:58]} 13. Bd2 {[%clk 0:23:35]} Bc7
{[%clk 0:49:39]} 14. Be3 {[%clk 0:20:22]} Ne7 {[%clk 0:40:25]} 15. Bb1
{[%clk 0:14:28]} Bb7 {[%clk 0:39:28]} 16. Bf2 {[%clk 0:14:06]} Ned5
{[%clk 0:30:55]} 17. Bh4 {[%clk 0:13:07]} Nxc3 {[%clk 0:30:56]} 18. bxc3
{[%clk 0:10:00]} Qd5 {[%clk 0:29:57]} 19. Rf3 {[%clk 0:10:22]} Ne4
{[%clk 0:21:26]} 20. Qd3 {[%clk 0:08:34]} Bb6 {[%clk 0:18:02]} 21. Ba2
{[%clk 0:06:33]} Qd7 {[%clk 0:15:36]} 22. Rd1 {[%clk 0:06:41]} Rac8
{[%clk 0:15:34]} 23. Kh1 {[%clk 0:05:29]} Ba5 {[%clk 0:10:57]} 24. Be1
{[%clk 0:04:26]} Qd6 {[%clk 0:07:47]} 25. c4 {[%clk 0:01:40]} bxc4
{[%clk 0:07:58]} 26. Bxc4 {[%clk 0:02:07]} Bxe1 {[%clk 0:07:50]} 27. Rxe1
{[%clk 0:02:25]} Nf6 {[%clk 0:02:15]} 28. Rg3 {[%clk 0:01:45]} Ne4
{[%clk 0:01:38]} 29. Rf3 {[%clk 0:02:05]} Rxc4 {[%clk 0:01:46]} 30. Qxc4
{[%clk 0:02:32]} Nd2 {[%clk 0:02:12]} 31. Qd3 {[%clk 0:02:45]} Nxf3
{[%clk 0:02:33]} 32. gxf3 {[%clk 0:03:12]} Rc8 {[%clk 0:01:54]} 33. Kg2
{[%clk 0:03:33]} a5 {[%clk 0:01:26]} 34. Qb5 {[%clk 0:02:13]} Bd5
{[%clk 0:01:11]} 35. Qxa5 {[%clk 0:01:52]} g6 {[%clk 0:01:31]} 36. Qb4
{[%clk 0:01:35]} Qa6 {[%clk 0:00:47]} 37. Nc3 {[%clk 0:01:23]} Ba8
{[%clk 0:00:40]} 38. Re3 {[%clk 0:00:54]} Rc4 {[%clk 0:00:38]} 39. Qb8+
{[%clk 0:01:08]} Rc8 {[%clk 0:01:07]} 40. Qb4 {[%clk 0:31:10]} Kg7
{[%clk 0:30:59]} 41. a4 {[%clk 0:19:33]} Rc4 {[%clk 0:23:54]} 42. Qb2
{[%clk 0:15:40]} Qd6 {[%clk 0:11:44]} 43. Ne2 {[%clk 0:12:47]} Bd5
{[%clk 0:09:15]} 44. a5 {[%clk 0:07:56]} Ra4 {[%clk 0:08:33]} 45. Qb5
{[%clk 0:06:42]} Ra2 {[%clk 0:07:11]} 46. Kg3 {[%clk 0:05:30]} g5
{[%clk 0:06:29]} 47. Qb6 {[%clk 0:04:48]} gxf4+ {[%clk 0:02:44]} 48. Nxf4
{[%clk 0:05:04]} Qe7 {[%clk 0:03:01]} 49. h4 {[%clk 0:04:21]} Qb7
{[%clk 0:02:47]} 50. Nh5+ {[%clk 0:03:25]} Kh6 {[%clk 0:02:07]} 51. Qd8
{[%clk 0:03:29]} Rg2+ {[%clk 0:01:52]} 52. Kxg2 {[%clk 0:03:51]} Qb2+
{[%clk 0:02:21]} 53. Kg3 {[%clk 0:03:58]} 1-0

[Event "2012 U.S. Women's Championship"]
[Site "Saint Louis, MO, USA"]
[Date "2012.05.10"]
[Round "3.1"]
[White "Goletiani, Rusudan"]
[Black "Melekhina, Alisa"]
[Result "1-0"]
[LiveChessVersion "1.3.1"]
[BlackElo "2244"]
[WhiteElo "2333"]

1. c4 {[%clk 1:30:51]} g6 {[%clk 1:30:35]} 2. g3 {[%clk 1:30:59]} Bg7
{[%clk 1:30:57]} 3. Bg2 {[%clk 1:31:24]} d6 {[%clk 1:30:22]} 4. Nc3
{[%clk 1:31:10]} e5 {[%clk 1:28:12]} 5. d3 {[%clk 1:31:22]} Ne7 {[%clk 1:26:25]}
6. h4 {[%clk 1:30:46]} h6 {[%clk 1:23:04]} 7. e4 {[%clk 1:30:27]} Nd7
{[%clk 1:17:54]} 8. h5 {[%clk 1:28:48]} g5 {[%clk 0:54:34]} 9. f4
{[%clk 1:28:03]} exf4 {[%clk 0:42:27]} 10. gxf4 {[%clk 1:28:24]} Nc6
{[%clk 0:42:08]} 11. Nge2 {[%clk 1:24:49]} Nd4 {[%clk 0:40:20]} 12. Be3
{[%clk 1:13:42]} Nxe2 {[%clk 0:40:38]} 13. Qxe2 {[%clk 1:13:58]} Nf8
{[%clk 0:39:05]} 14. fxg5 {[%clk 1:05:13]} hxg5 {[%clk 0:39:11]} 15. Qd2
{[%clk 1:04:46]} Ne6 {[%clk 0:37:55]} 16. O-O-O {[%clk 1:04:29]} c5
{[%clk 0:28:26]} 17. Nd5 {[%clk 1:00:26]} Rh6 {[%clk 0:27:45]} 18. Bh3
{[%clk 0:56:32]} f6 {[%clk 0:12:49]} 19. Bf5 {[%clk 0:55:06]} Nf8
{[%clk 0:12:03]} 20. d4 {[%clk 0:51:21]} Bxf5 {[%clk 0:09:23]} 21. exf5
{[%clk 0:51:45]} cxd4 {[%clk 0:06:15]} 22. Qxd4 {[%clk 0:48:56]} Kf7
{[%clk 0:04:36]} 23. Nc3 {[%clk 0:48:13]} Qa5 {[%clk 0:02:16]} 24. Nb5
{[%clk 0:42:32]} Kg8 {[%clk 0:02:11]} 25. Qd5+ {[%clk 0:40:01]} Kh7
{[%clk 0:02:28]} 26. Qxb7 {[%clk 0:34:25]} Re8 {[%clk 0:01:38]} 27. Qxa7
{[%clk 0:34:02]} Qb4 {[%clk 0:01:51]} 28. Nxd6 {[%clk 0:32:34]} Rd8
{[%clk 0:00:47]} 29. Bc5 {[%clk 0:32:22]} 1-0

[Event "2012 U.S. Women's Championship"]
[Site "Saint Louis, MO, USA"]
[Date "2012.05.10"]
[Round "3.2"]
[White "Zatonskih, Anna"]
[Black "Foisor, Sabina"]
[Result "1/2-1/2"]
[LiveChessVersion "1.3.1"]
[BlackElo "2364"]
[WhiteElo "2510"]

1. d4 {[%clk 1:30:57]} d5 {[%clk 1:30:56]} 2. c4 {[%clk 1:31:21]} Nc6
{[%clk 1:31:15]} 3. e3 {[%clk 1:05:21]} e5 {[%clk 1:26:53]} 4. cxd5
{[%clk 1:05:00]} Qxd5 {[%clk 1:27:08]} 5. Nc3 {[%clk 1:04:30]} Bb4
{[%clk 1:27:19]} 6. Bd2 {[%clk 1:04:12]} Bxc3 {[%clk 1:27:42]} 7. bxc3
{[%clk 1:04:26]} Nf6 {[%clk 1:26:41]} 8. c4 {[%clk 0:50:52]} Qd6 {[%clk 1:21:36]}
9. d5 {[%clk 0:51:15]} Nb8 {[%clk 1:10:11]} 10. Qa4+ {[%clk 0:37:46]} Bd7
{[%clk 1:06:57]} 11. Qb3 {[%clk 0:37:48]} Na6 {[%clk 1:05:11]} 12. Nf3
{[%clk 0:31:50]} O-O {[%clk 0:57:19]} 13. Bc3 {[%clk 0:29:34]} e4
{[%clk 0:45:50]} 14. Nd2 {[%clk 0:28:58]} Nc5 {[%clk 0:42:38]} 15. Qc2
{[%clk 0:28:24]} c6 {[%clk 0:35:17]} 16. Nb3 {[%clk 0:22:03]} Na4
{[%clk 0:28:37]} 17. dxc6 {[%clk 0:17:29]} Bxc6 {[%clk 0:25:54]} 18. Rd1
{[%clk 0:16:39]} Qe7 {[%clk 0:26:10]} 19. Bd4 {[%clk 0:16:52]} b6
{[%clk 0:20:36]} 20. Be2 {[%clk 0:17:04]} Nd7 {[%clk 0:20:01]} 21. Ba1
{[%clk 0:10:46]} Nac5 {[%clk 0:16:57]} 22. Qc3 {[%clk 0:08:12]} f5
{[%clk 0:13:03]} 23. O-O {[%clk 0:08:38]} Rf6 {[%clk 0:11:23]} 24. Nxc5
{[%clk 0:07:20]} Nxc5 {[%clk 0:10:36]} 25. Qe5 {[%clk 0:07:05]} Re6
{[%clk 0:09:16]} 26. Qf4 {[%clk 0:03:28]} Rf8 {[%clk 0:09:00]} 27. h4
{[%clk 0:02:45]} Ba8 {[%clk 0:04:24]} 28. Rd2 {[%clk 0:02:23]} Nd3
{[%clk 0:03:47]} 29. Bxd3 {[%clk 0:01:43]} exd3 {[%clk 0:04:16]} 30. Rxd3
{[%clk 0:01:39]} Re4 {[%clk 0:02:33]} 31. Qg5 {[%clk 0:02:07]} Qf7
{[%clk 0:02:15]} 32. Rd4 {[%clk 0:01:39]} h6 {[%clk 0:01:12]} 33. Qg3
{[%clk 0:02:05]} Re6 {[%clk 0:01:04]} 34. h5 {[%clk 0:02:03]} Bc6
{[%clk 0:00:44]} 35. Rf4 {[%clk 0:02:23]} Be4 {[%clk 0:00:49]} 36. Rd1
{[%clk 0:02:23]} g5 {[%clk 0:00:57]} 37. Rh4 {[%clk 0:01:41]} Kh7
{[%clk 0:00:53]} 38. Rh1 {[%clk 0:02:03]} Rc8 {[%clk 0:01:01]} 39. f3
{[%clk 0:01:50]} Bc2 {[%clk 0:01:12]} 40. Rd2 {[%clk 0:32:10]} Ba4
{[%clk 0:30:42]} 41. Kf2 {[%clk 0:19:57]} Rxc4 {[%clk 0:28:31]} 42. Qb8
{[%clk 0:19:08]} Re8 {[%clk 0:28:15]} 43. Qd6 {[%clk 0:19:05]} Qe6
{[%clk 0:12:57]} 1/2-1/2

[Event "2012 U.S. Women's Championship"]
[Site "Saint Louis, MO, USA"]
[Date "2012.05.10"]
[Round "3.3"]
[White "Kats, Alena"]
[Black "Baginskaite, Camilla"]
[Result "1-0"]
[LiveChessVersion "1.3.1"]
[BlackElo "2358"]
[WhiteElo "2137"]

1. e4 {[%clk 1:30:57]} c5 {[%clk 1:30:53]} 2. Nf3 {[%clk 1:31:20]} d6
{[%clk 1:31:15]} 3. d4 {[%clk 1:31:45]} cxd4 {[%clk 1:31:30]} 4. Nxd4
{[%clk 1:32:10]} Nf6 {[%clk 1:31:52]} 5. Nc3 {[%clk 1:32:35]} a6 {[%clk 1:32:16]}
6. Bg5 {[%clk 1:32:56]} e6 {[%clk 1:31:58]} 7. f4 {[%clk 1:33:05]} Be7
{[%clk 1:30:08]} 8. Qf3 {[%clk 1:33:10]} Qc7 {[%clk 1:30:31]} 9. Bd3
{[%clk 1:21:44]} Nbd7 {[%clk 1:29:25]} 10. Nce2 {[%clk 1:05:41]} Nc5
{[%clk 1:22:06]} 11. O-O {[%clk 0:58:39]} O-O {[%clk 1:15:16]} 12. Kh1
{[%clk 0:51:58]} b5 {[%clk 0:43:11]} 13. b4 {[%clk 0:34:49]} Nxd3
{[%clk 0:37:40]} 14. cxd3 {[%clk 0:35:08]} Bb7 {[%clk 0:37:19]} 15. Rac1
{[%clk 0:30:33]} Qd7 {[%clk 0:35:49]} 16. Qg3 {[%clk 0:27:20]} Rfc8
{[%clk 0:27:01]} 17. Rce1 {[%clk 0:17:29]} a5 {[%clk 0:26:50]} 18. Bxf6
{[%clk 0:15:48]} Bxf6 {[%clk 0:26:23]} 19. e5 {[%clk 0:16:02]} dxe5
{[%clk 0:19:12]} 20. fxe5 {[%clk 0:16:06]} Be7 {[%clk 0:19:18]} 21. Rf4
{[%clk 0:12:36]} h5 {[%clk 0:13:06]} 22. Ref1 {[%clk 0:07:35]} Rf8
{[%clk 0:13:20]} 23. Qh3 {[%clk 0:07:28]} Qd5 {[%clk 0:11:41]} 24. Re4
{[%clk 0:03:40]} Qxa2 {[%clk 0:11:41]} 25. Re3 {[%clk 0:02:57]} h4
{[%clk 0:10:58]} 26. Nf4 {[%clk 0:02:55]} axb4 {[%clk 0:10:36]} 27. Nf3
{[%clk 0:01:42]} b3 {[%clk 0:09:42]} 28. Ree1 {[%clk 0:00:46]} b2
{[%clk 0:05:33]} 29. Qg4 {[%clk 0:00:59]} Ra4 {[%clk 0:05:27]} 30. d4
{[%clk 0:00:49]} Bxf3 {[%clk 0:04:41]} 31. gxf3 {[%clk 0:01:18]} Rxd4
{[%clk 0:04:55]} 32. Rg1 {[%clk 0:01:35]} g6 {[%clk 0:04:06]} 33. Qh5
{[%clk 0:00:51]} b1=Q {[%clk 0:01:29]} 34. Nxg6 {[%clk 0:01:09]} Qxh2+
{[%clk 0:00:34]} 35. Kxh2 {[%clk 0:01:37]} Qc2+ {[%clk 0:01:03]} 36. Kh1
{[%clk 0:01:03]} 1-0

[Event "2012 U.S. Women's Championship"]
[Site "Saint Louis, MO, USA"]
[Date "2012.05.10"]
[Round "3.4"]
[White "Krush, Irina"]
[Black "Ni, Viktorija"]
[Result "1-0"]
[LiveChessVersion "1.3.1"]
[BlackElo "2228"]
[WhiteElo "2457"]

1. c4 {[%clk 1:30:57]} Nf6 {[%clk 1:30:55]} 2. Nf3 {[%clk 1:31:15]} g6
{[%clk 1:30:39]} 3. g3 {[%clk 1:31:22]} Bg7 {[%clk 1:30:36]} 4. Bg2
{[%clk 1:31:43]} O-O {[%clk 1:25:37]} 5. O-O {[%clk 1:31:50]} c5 {[%clk 1:22:13]}
6. Nc3 {[%clk 1:29:31]} Nc6 {[%clk 1:21:14]} 7. d3 {[%clk 1:29:39]} d6
{[%clk 1:16:05]} 8. a3 {[%clk 1:29:15]} e5 {[%clk 1:14:08]} 9. Bg5
{[%clk 1:26:45]} h6 {[%clk 1:13:51]} 10. Bxf6 {[%clk 1:27:05]} Bxf6
{[%clk 1:07:45]} 11. Rb1 {[%clk 1:27:16]} Be6 {[%clk 1:05:13]} 12. b4
{[%clk 1:26:20]} Qd7 {[%clk 1:00:21]} 13. bxc5 {[%clk 1:18:10]} dxc5
{[%clk 0:59:30]} 14. Ne1 {[%clk 1:17:29]} Rab8 {[%clk 0:53:27]} 15. Nc2
{[%clk 1:17:05]} Bg5 {[%clk 0:45:11]} 16. Ne3 {[%clk 0:56:49]} Kg7
{[%clk 0:32:49]} 17. Ned5 {[%clk 0:54:17]} Ne7 {[%clk 0:30:01]} 18. h4
{[%clk 0:42:45]} Bxd5 {[%clk 0:29:36]} 19. cxd5 {[%clk 0:30:01]} Bf6
{[%clk 0:29:44]} 20. h5 {[%clk 0:28:45]} Rfc8 {[%clk 0:25:54]} 21. hxg6
{[%clk 0:28:31]} fxg6 {[%clk 0:25:27]} 22. Kh2 {[%clk 0:26:16]} g5
{[%clk 0:22:09]} 23. e3 {[%clk 0:24:24]} h5 {[%clk 0:22:31]} 24. a4
{[%clk 0:19:54]} b6 {[%clk 0:21:15]} 25. Be4 {[%clk 0:19:45]} g4 {[%clk 0:19:24]}
26. Kg2 {[%clk 0:19:25]} h4 {[%clk 0:19:29]} 27. f3 {[%clk 0:15:20]} Rh8
{[%clk 0:18:07]} 28. fxg4 {[%clk 0:15:38]} hxg3 {[%clk 0:16:50]} 29. Kxg3
{[%clk 0:15:58]} Bg5 {[%clk 0:16:17]} 30. Qe2 {[%clk 0:14:32]} Rh4
{[%clk 0:13:00]} 31. Qf3 {[%clk 0:08:01]} Ng8 {[%clk 0:11:43]} 32. Qf5
{[%clk 0:07:22]} Qxf5 {[%clk 0:10:46]} 33. Rxf5 {[%clk 0:07:46]} Be7
{[%clk 0:10:12]} 34. d6 {[%clk 0:06:50]} Bd8 {[%clk 0:10:30]} 35. g5
{[%clk 0:06:37]} Rh5 {[%clk 0:10:07]} 36. Kg4 {[%clk 0:06:58]} Rh2
{[%clk 0:10:25]} 37. Rbf1 {[%clk 0:06:51]} a6 {[%clk 0:09:13]} 38. Rf7+
{[%clk 0:06:30]} Kh8 {[%clk 0:09:41]} 39. R1f2 {[%clk 0:05:15]} Rh6
{[%clk 0:02:08]} 40. gxh6 {[%clk 0:34:36]} Nxh6+ {[%clk 0:32:36]} 41. Kh5
{[%clk 0:34:58]} Nxf7 {[%clk 0:32:58]} 42. Rxf7 {[%clk 0:35:24]} b5
{[%clk 0:33:04]} 43. Kg6 {[%clk 0:35:29]} 1-0

[Event "2012 U.S. Women's Championship"]
[Site "Saint Louis, MO, USA"]
[Date "2012.05.10"]
[Round "3.5"]
[White "Zenyuk, Iryna"]
[Black "Abrahamyan, Tatev"]
[Result "1-0"]
[LiveChessVersion "1.3.1"]
[BlackElo "2329"]
[WhiteElo "2224"]

1. d4 {[%clk 1:30:58]} Nf6 {[%clk 1:30:55]} 2. Nf3 {[%clk 1:31:25]} g6
{[%clk 1:31:19]} 3. c4 {[%clk 1:31:48]} Bg7 {[%clk 1:31:45]} 4. Nc3
{[%clk 1:32:14]} O-O {[%clk 1:32:07]} 5. e4 {[%clk 1:32:41]} d6 {[%clk 1:32:33]}
6. Be2 {[%clk 1:33:05]} e5 {[%clk 1:32:51]} 7. O-O {[%clk 1:33:22]} Nc6
{[%clk 1:32:51]} 8. d5 {[%clk 1:31:55]} Ne7 {[%clk 1:33:16]} 9. Ne1
{[%clk 1:27:32]} Nd7 {[%clk 1:30:42]} 10. Be3 {[%clk 1:26:51]} f5
{[%clk 1:30:59]} 11. f3 {[%clk 1:27:18]} f4 {[%clk 1:31:26]} 12. Bf2
{[%clk 1:27:45]} g5 {[%clk 1:31:34]} 13. Rc1 {[%clk 1:24:29]} Ng6
{[%clk 1:31:06]} 14. Nd3 {[%clk 1:18:05]} Nf6 {[%clk 1:17:14]} 15. c5
{[%clk 1:18:23]} Rf7 {[%clk 1:14:53]} 16. cxd6 {[%clk 1:09:20]} cxd6
{[%clk 1:15:09]} 17. Nb5 {[%clk 1:07:22]} g4 {[%clk 1:07:29]} 18. fxg4
{[%clk 0:34:09]} Nxe4 {[%clk 1:06:22]} 19. Be1 {[%clk 0:34:30]} Qb6+
{[%clk 0:42:39]} 20. Nf2 {[%clk 0:34:47]} Ng3 {[%clk 0:39:07]} 21. hxg3
{[%clk 0:28:54]} fxg3 {[%clk 0:39:33]} 22. Rc3 {[%clk 0:28:13]} gxf2+
{[%clk 0:36:18]} 23. Bxf2 {[%clk 0:28:33]} Rxf2 {[%clk 0:33:42]} 24. Rxf2
{[%clk 0:28:52]} Bd7 {[%clk 0:25:37]} 25. Qb3 {[%clk 0:18:37]} Nf4
{[%clk 0:17:59]} 26. Bf1 {[%clk 0:14:02]} e4 {[%clk 0:12:27]} 27. Nc7
{[%clk 0:12:47]} Bxc3 {[%clk 0:09:16]} 28. Qxb6 {[%clk 0:11:42]} axb6
{[%clk 0:09:42]} 29. bxc3 {[%clk 0:07:12]} Rf8 {[%clk 0:08:21]} 30. g3
{[%clk 0:07:02]} Nd3 {[%clk 0:06:48]} 31. Rxf8+ {[%clk 0:04:52]} Kxf8
{[%clk 0:07:15]} 32. Bxd3 {[%clk 0:04:02]} exd3 {[%clk 0:07:41]} 33. Kf2
{[%clk 0:04:31]} Bxg4 {[%clk 0:03:39]} 34. Ke3 {[%clk 0:04:44]} Bf5
{[%clk 0:03:11]} 35. c4 {[%clk 0:03:35]} Bd7 {[%clk 0:01:53]} 36. Kxd3
{[%clk 0:03:26]} Ke7 {[%clk 0:02:17]} 37. Ke4 {[%clk 0:02:37]} Kd8
{[%clk 0:01:24]} 38. Ne6+ {[%clk 0:02:08]} Ke7 {[%clk 0:01:51]} 39. Nd4
{[%clk 0:02:21]} Kf6 {[%clk 0:01:57]} 40. Kf4 {[%clk 0:32:33]} h6
{[%clk 0:31:05]} 41. a3 {[%clk 0:29:00]} Bh3 {[%clk 0:27:39]} 42. Nb5
{[%clk 0:25:50]} Ke7 {[%clk 0:27:06]} 43. Ke4 {[%clk 0:24:35]} Bf1
{[%clk 0:26:46]} 44. Kd4 {[%clk 0:24:54]} Kd7 {[%clk 0:25:53]} 45. Nc3
{[%clk 0:24:22]} Ke7 {[%clk 0:22:55]} 46. Nd1 {[%clk 0:21:05]} Kf6
{[%clk 0:18:16]} 47. Nf2 {[%clk 0:18:53]} Be2 {[%clk 0:15:09]} 48. Ne4+
{[%clk 0:19:06]} Ke7 {[%clk 0:15:32]} 49. Nd2 {[%clk 0:19:06]} Kf6
{[%clk 0:14:19]} 50. Ke3 {[%clk 0:18:32]} Bg4 {[%clk 0:14:00]} 51. Kd4
{[%clk 0:15:32]} Be2 {[%clk 0:13:42]} 52. Ne4+ {[%clk 0:14:37]} Ke7
{[%clk 0:14:05]} 53. Kc3 {[%clk 0:12:41]} Bg4 {[%clk 0:10:28]} 54. Kd2
{[%clk 0:08:03]} Bh3 {[%clk 0:08:26]} 55. Ke3 {[%clk 0:08:01]} Bf1
{[%clk 0:07:40]} 56. Nd2 {[%clk 0:08:11]} Bg2 {[%clk 0:06:36]} 57. g4
{[%clk 0:06:44]} b5 {[%clk 0:05:28]} 58. Kf2 {[%clk 0:06:25]} Bh1
{[%clk 0:05:15]} 59. Kg1 {[%clk 0:05:50]} bxc4 {[%clk 0:04:42]} 60. Kxh1
{[%clk 0:06:18]} c3 {[%clk 0:05:03]} 61. Nb3 {[%clk 0:06:40]} Kf6
{[%clk 0:05:04]} 62. Kg2 {[%clk 0:07:01]} Ke5 {[%clk 0:04:42]} 63. Kf3
{[%clk 0:07:27]} Kxd5 {[%clk 0:04:52]} 64. Ke3 {[%clk 0:07:30]} Ke5
{[%clk 0:03:26]} 65. a4 {[%clk 0:06:57]} b6 {[%clk 0:02:43]} 66. Nd4
{[%clk 0:06:26]} Kd5 {[%clk 0:01:43]} 67. Kd3 {[%clk 0:06:23]} Ke5
{[%clk 0:02:03]} 68. Ne2 {[%clk 0:05:23]} Kf6 {[%clk 0:02:05]} 69. Nxc3
{[%clk 0:05:14]} Kg5 {[%clk 0:02:26]} 70. Nd5 {[%clk 0:05:22]} 1-0

[Event "2012 U.S. Women's Championship"]
[Site "Saint Louis, MO, USA"]
[Date "2012.05.12"]
[Round "4.1"]
[White "Zenyuk, Iryna"]
[Black "Krush, Irina"]
[Result "1/2-1/2"]
[LiveChessVersion "1.3.1"]
[BlackElo "2457"]
[WhiteElo "2224"]

1. d4 {[%clk 1:30:57]} d5 {[%clk 1:30:51]} 2. c4 {[%clk 1:31:09]} e6
{[%clk 1:31:05]} 3. Nc3 {[%clk 1:30:05]} c6 {[%clk 1:29:55]} 4. e3
{[%clk 1:29:17]} Nf6 {[%clk 1:30:05]} 5. Nf3 {[%clk 1:28:38]} Nbd7
{[%clk 1:30:23]} 6. Qc2 {[%clk 1:28:17]} Bd6 {[%clk 1:30:37]} 7. Bd3
{[%clk 1:28:23]} dxc4 {[%clk 1:29:06]} 8. Bxc4 {[%clk 1:28:46]} O-O
{[%clk 1:29:27]} 9. O-O {[%clk 1:28:54]} a6 {[%clk 1:29:14]} 10. a3
{[%clk 1:24:40]} c5 {[%clk 1:22:36]} 11. dxc5 {[%clk 1:22:54]} Bxc5
{[%clk 1:22:54]} 12. b4 {[%clk 1:22:17]} Bd6 {[%clk 1:18:45]} 13. Bd3
{[%clk 1:11:53]} Qc7 {[%clk 1:12:14]} 14. Bb2 {[%clk 1:09:38]} b6
{[%clk 1:05:08]} 15. Ne4 {[%clk 1:04:41]} Qxc2 {[%clk 1:02:19]} 16. Bxc2
{[%clk 1:04:54]} Be7 {[%clk 1:01:16]} 17. Ne5 {[%clk 0:52:16]} Nxe5
{[%clk 0:50:04]} 18. Bxe5 {[%clk 0:52:23]} Bb7 {[%clk 0:50:00]} 19. Nxf6+
{[%clk 0:46:05]} Bxf6 {[%clk 0:50:15]} 20. Bxf6 {[%clk 0:46:04]} gxf6
{[%clk 0:50:37]} 21. Rac1 {[%clk 0:37:35]} Rac8 {[%clk 0:42:44]} 22. Rfd1
{[%clk 0:30:56]} f5 {[%clk 0:38:11]} 23. Bd3 {[%clk 0:29:06]} Rfd8
{[%clk 0:35:44]} 24. Rxc8 {[%clk 0:21:50]} Rxc8 {[%clk 0:35:37]} 25. Be2
{[%clk 0:17:33]} Rc3 {[%clk 0:35:00]} 26. Rd3 {[%clk 0:14:45]} Rc1+
{[%clk 0:34:54]} 27. Rd1 {[%clk 0:15:09]} Rc3 {[%clk 0:34:51]} 28. Rd3
{[%clk 0:15:32]} Rc1+ {[%clk 0:34:51]} 29. Rd1 {[%clk 0:15:53]} Rc3
{[%clk 0:35:02]} 30. Rd3 {[%clk 0:16:00]} Rc1+ 1/2-1/2

[Event "2012 U.S. Women's Championship"]
[Site "Saint Louis, MO, USA"]
[Date "2012.05.12"]
[Round "4.2"]
[White "Ni, Viktorija"]
[Black "Goletiani, Rusudan"]
[Result "1-0"]
[LiveChessVersion "1.3.1"]
[BlackElo "2333"]
[WhiteElo "2228"]

1. d4 {[%clk 1:30:58]} f5 {[%clk 1:30:01]} 2. g3 {[%clk 1:29:37]} Nf6
{[%clk 1:30:06]} 3. Bg2 {[%clk 1:29:53]} g6 {[%clk 1:30:21]} 4. Nc3
{[%clk 1:23:59]} d5 {[%clk 1:29:32]} 5. Bg5 {[%clk 1:17:31]} c6 {[%clk 1:27:36]}
6. Qd2 {[%clk 1:08:48]} Be6 {[%clk 1:18:33]} 7. h4 {[%clk 0:56:12]} Nbd7
{[%clk 1:16:16]} 8. Nh3 {[%clk 0:49:07]} Bf7 {[%clk 1:06:58]} 9. Bh6
{[%clk 0:39:03]} Bxh6 {[%clk 1:01:00]} 10. Qxh6 {[%clk 0:39:29]} Qb6
{[%clk 1:01:12]} 11. O-O-O {[%clk 0:34:37]} O-O-O {[%clk 1:00:22]} 12. h5
{[%clk 0:31:24]} e5 {[%clk 0:46:11]} 13. e3 {[%clk 0:26:34]} Rdg8
{[%clk 0:42:13]} 14. dxe5 {[%clk 0:22:03]} Nxe5 {[%clk 0:41:52]} 15. hxg6
{[%clk 0:19:40]} hxg6 {[%clk 0:38:43]} 16. Qf4 {[%clk 0:20:06]} Nc4
{[%clk 0:34:23]} 17. b3 {[%clk 0:20:12]} Qa5 {[%clk 0:33:36]} 18. Nb1
{[%clk 0:19:24]} Nh5 {[%clk 0:30:20]} 19. Qd4 {[%clk 0:19:11]} Nd6
{[%clk 0:30:13]} 20. Ng5 {[%clk 0:18:36]} Rd8 {[%clk 0:22:55]} 21. g4
{[%clk 0:13:39]} c5 {[%clk 0:19:23]} 22. Qc3 {[%clk 0:13:46]} Qxc3
{[%clk 0:18:39]} 23. Nxc3 {[%clk 0:14:15]} fxg4 {[%clk 0:18:55]} 24. Nxd5
{[%clk 0:12:55]} Bxd5 {[%clk 0:16:57]} 25. Rxd5 {[%clk 0:13:16]} b6
{[%clk 0:16:19]} 26. Ne6 {[%clk 0:13:25]} Nf5 {[%clk 0:11:03]} 27. Nxd8
{[%clk 0:13:26]} Rxd8 {[%clk 0:11:32]} 28. Rxf5 {[%clk 0:12:27]} 1-0

[Event "2012 U.S. Women's Championship"]
[Site "Saint Louis, MO, USA"]
[Date "2012.05.12"]
[Round "4.3"]
[White "Melekhina, Alisa"]
[Black "Zatonskih, Anna"]
[Result "1/2-1/2"]
[LiveChessVersion "1.3.1"]
[BlackElo "2510"]
[WhiteElo "2244"]

1. e4 {[%clk 1:30:47]} c5 {[%clk 1:30:54]} 2. c3 {[%clk 1:30:12]} d5
{[%clk 1:25:58]} 3. exd5 {[%clk 1:29:54]} Qxd5 {[%clk 1:26:26]} 4. d4
{[%clk 1:29:41]} Nf6 {[%clk 1:23:14]} 5. Nf3 {[%clk 1:29:11]} Bg4
{[%clk 1:16:46]} 6. dxc5 {[%clk 1:25:53]} Qxc5 {[%clk 0:57:43]} 7. Be3
{[%clk 1:25:04]} Qd5 {[%clk 0:51:06]} 8. Nbd2 {[%clk 1:21:00]} Nc6
{[%clk 0:50:27]} 9. Bc4 {[%clk 1:15:56]} Bxf3 {[%clk 0:31:40]} 10. Bxd5
{[%clk 1:00:09]} Bxd1 {[%clk 0:32:04]} 11. Bxc6+ {[%clk 1:00:35]} bxc6
{[%clk 0:32:29]} 12. Rxd1 {[%clk 1:00:59]} e6 {[%clk 0:31:56]} 13. Nb3
{[%clk 0:47:12]} Nd5 {[%clk 0:28:36]} 14. Bd4 {[%clk 0:43:16]} a5
{[%clk 0:21:24]} 15. a4 {[%clk 0:41:36]} f6 {[%clk 0:21:31]} 16. Kd2
{[%clk 0:36:57]} e5 {[%clk 0:20:21]} 17. Bc5 {[%clk 0:37:13]} Rb8
{[%clk 0:13:29]} 18. Bxf8 {[%clk 0:35:59]} Rxb3 {[%clk 0:13:45]} 19. Kc2
{[%clk 0:31:20]} Rb7 {[%clk 0:14:06]} 20. Bc5 {[%clk 0:24:07]} Kf7
{[%clk 0:14:29]} 21. Rb1 {[%clk 0:19:34]} Nf4 {[%clk 0:10:10]} 22. g3
{[%clk 0:17:42]} Ne6 {[%clk 0:10:36]} 23. Be3 {[%clk 0:14:27]} f5
{[%clk 0:10:43]} 24. b4 {[%clk 0:12:14]} f4 {[%clk 0:09:08]} 25. Bd2
{[%clk 0:12:39]} Rd8 {[%clk 0:06:17]} 26. bxa5 {[%clk 0:11:22]} Ra7
{[%clk 0:06:44]} 27. gxf4 {[%clk 0:05:52]} exf4 {[%clk 0:06:57]} 28. Rhe1
{[%clk 0:04:21]} Rxa5 {[%clk 0:05:11]} 29. Rb4 {[%clk 0:02:50]} g5
{[%clk 0:05:21]} 30. Rb7+ {[%clk 0:03:12]} Kf6 {[%clk 0:03:50]} 31. Rxh7
{[%clk 0:03:36]} Rxa4 {[%clk 0:02:46]} 32. Rh6+ {[%clk 0:01:26]} Kg7
{[%clk 0:03:14]} 33. Rexe6 {[%clk 0:01:31]} Ra2+ {[%clk 0:03:43]} 34. Kb3
{[%clk 0:01:52]} Raxd2 {[%clk 0:03:26]} 35. Rhg6+ {[%clk 0:02:14]} Kh7
{[%clk 0:01:21]} 36. Rh6+ {[%clk 0:02:34]} Kg7 {[%clk 0:01:49]} 37. Rhg6+
{[%clk 0:02:55]} Kh7 {[%clk 0:02:16]} 38. Rxg5 {[%clk 0:02:32]} Rxf2
{[%clk 0:02:34]} 39. Rh5+ {[%clk 0:02:58]} Kg7 {[%clk 0:02:46]} 40. Rxc6
{[%clk 0:33:17]} Rf8 {[%clk 0:31:34]} 41. Rg5+ {[%clk 0:29:26]} Kh7
{[%clk 0:31:11]} 42. Rh5+ {[%clk 0:18:51]} Kg7 {[%clk 0:31:38]} 43. Rg5+
{[%clk 0:18:29]} Kh7 {[%clk 0:31:56]} 44. Rh5+ {[%clk 0:16:04]} 1/2-1/2